Reglamento de la Academia Científico-Mercantil de Barcelona
Descripción Física:
14 p. ; 24 cm
MARC
| LEADER | 00000nam a2200000Ia 4500 | ||
|---|---|---|---|
| 001 | 11647 | ||
| 003 | BGR | ||
| 005 | 20260324180134.0 | ||
| 008 | 160829s1871 xx 000 0 cat d | ||
| 080 | |a 2365, exp. 236 | ||
| 245 | 0 | 0 | |a Reglamento de la Academia Científico-Mercantil de Barcelona |
| 260 | |a Barcelona : |b (Est. Tip. de Luis Tasso), |c 1871 | ||
| 300 | |a 14 p. ; |c 24 cm | ||
| 610 | 2 | 0 | |9 70077 |a Academia Científico-Mercantil (Barcelona) |
| 901 | |a Arxiu | ||
| 942 | |n 1 |2 udc |c MON | ||
| 952 | |0 0 |1 0 |4 0 |6 2365_EXP_236 |7 1 |9 53955 |a Arxiu |b Arxiu |d 2016-12-01 |l 0 |o 2365, exp. 236 |p 11647 |r 2016-12-01 00:00:00 |w 2016-12-01 |y ARXIU | ||
| 999 | |c 57822 |d 57822 | ||